000 00429nam a22001577a 4500
020 _a978-93-83080-39-7
082 _a894.812
_bKOT/N
100 _aKOTTUKKAL, THULASI
245 _aNOOTTIPATHINONNU UPANYASANGAL
246 _aNOOTTIPATHINONNU UPANYASANGAL
_bNOOTTIPATHINONNU UPANYASANGAL
260 _aTHRISSUR
_bH&C
_c2022
300 _a260
520 _aMALAYALAM UPANYASANGAL
650 _aMALAYALAM UPANYASANGAL
942 _cBK
999 _c8583
_d8583